书目信息 |
| 题名: |
角色变迁中的男性与女性
|
|
| 作者: | 斯冈茨尼 , 斯冈茨尼 著 ;潘建国 译 | |
| 分册: | ||
| 出版信息: | 杭州 浙江人民出版社 1988.8 |
|
| 页数: | 584页 | |
| 开本: | 20cm | |
| 丛书名: | ||
| 单 册: | ||
| 中图分类: | C913.1 | |
| 科图分类: | ||
| 主题词: | 恋爱 , 家庭 , 婚姻 | |
| 电子资源: | ||
| ISBN: | 7-213-00227-9 | |
| 000 | 00809nam0 2200265 45 | |
| 001 | 0189012921 | |
| 005 | 20050609164432.8 | |
| 010 | @a7-213-00227-9@dCNY4.95 | |
| 020 | @aCN@b89012921 | |
| 100 | @a19910105d1988 m y0chiy0120 ea | |
| 101 | 1 | @achi@ceng |
| 102 | @aCN@b330000 | |
| 105 | @ay z 000yy | |
| 200 | 10 | @a角色变迁中的男性与女性@Ajiao se bian qian zhong de nan xing yu nu xing@f(美)丽莎·斯冈茨尼,约翰·斯冈茨尼著@F(Mei)Li Sha·Si Gang Ci Ni,Yue Han·Si Gang Ci Ni Zhu@g潘建国等译 |
| 210 | @a杭州@c浙江人民出版社@d1988.8 | |
| 215 | @a584页@d20cm | |
| 606 | 0 | @a恋爱 |
| 606 | @a家庭 | |
| 606 | @a婚姻 | |
| 690 | @aC913.1@v1980 | |
| 701 | 0 | @a斯冈茨尼@4著 |
| 701 | 0 | @a斯冈茨尼@4著 |
| 702 | 0 | @a潘建国@Apan jian guo@4译 |
| 801 | 0 | @aCN@bNLC@c19910105 |
| 905 | @dC913.1@e104@f1@b217437 | |
| 角色变迁中的男性与女性/(美)丽莎·斯冈茨尼,约翰·斯冈茨尼著/潘建国等译.-杭州:浙江人民出版社,1988.8 |
| 584页;20cm |
| ISBN 7-213-00227-9:CNY4.95 |
| ● |
| 相关链接 |
|
|
|
|
正题名:角色变迁中的男性与女性
索取号:C913.1/104
 
预约/预借
| 序号 | 登录号 | 条形码 | 馆藏地/架位号 | 状态 | 备注 |
| 1 | 0217436 | 000370191 | 密集书库/ [索取号:C913.1/104] | 在馆 | |
| 2 | 0217437 | 202124646 | 第一样本阅览室/ [索取号:C913.1/104] | 在馆 |